Medzinárodné audítorské štandardy ISA 600 - Využitie práce iného audítora

Bibliographic Details
Main Author: Bošňák, Matej (Author)
Format: Article
Language:Slovak
ISSN:1335-2024
Subjects:

MARC

LEADER 00000nab a2200000 ar4500
001 vtls008415850
003 SK-MaSNL
005 20260303070013.0
008 051207c2005 xo mr|p|||||||000 b|slo
015 |a SNBRB2005/12  |2 snkbucl 
038 |a SNKBUCL 
040 |a SNKBUCL  |b slo  |c SNKBUCL  |e AACR2 
041 0 |a slo 
044 |a xo  |c SK 
080 |a 657.63:006.032  |2 UDC-MRF-SK2 
080 |a 006.032  |2 UDC-MRF-SK2 
100 1 |a Bošňák, Matej  |4 aut  |9 1066849 
245 1 0 |a Medzinárodné audítorské štandardy  |b ISA 600 - Využitie práce iného audítora  |c Matej Bošňák 
630 0 7 |a Medzinárodný audítorský štandard ISA 600  |2 snkbucl  |9 1066850 
650 0 7 |a audit  |2 snkbucl  |9 2834 
650 0 7 |a medzinárodné audítorské štandardy  |2 snkbucl  |9 640605 
773 0 |t Účtovníctvo. Audítorstvo. Daňovníctvo v teórii a praxi s prílohou  |g Roč. XIII., č. 11 (2005), s. 401-404  |x 1335-2024 
852 |a SNK  |b KIS3GCP 
999 |c 1753557  |d 1755487